000 00508nam a2200181Ia 4500
008 151202s9999||||xx |||||||||||||| ||und||
082 _bPNVM-82147
100 _aगद्रे नीता.
245 _aदेऊळ.
260 _b"चंद्रकला प्रकाशन,पुणे."
260 _c2013
300 _a136
600 _aगद्रे नीता.
630 _aदेऊळ.
700 _aगद्रे नीता.
730 _aदेऊळ.
942 _cBOOK
999 _c1346755
_d1346752